Movies Quiz

Random Movies or Quote Quiz

Which Pixar Villain Said It? Quiz Stats

 Plays Quiz not verified by Sporcle

Challenge
Share
Tweet
Embed
Score 0/25 Timer 06:00
2 Plays Today
% Correct
Hopper
79.6%
Randall Boggs
78.6%
Hopper
78.3%
Syndrome
77.8%
Syndrome
77.6%
Sid Phillips
77%
Randall Boggs
76.5%
Charles F. Muntz
76.2%
Syndrome
75.4%
Randall Boggs
74.8%
Sid Phillips
73.4%
Syndrome
73.3%
Charles F. Muntz
71.3%
% Correct
Randall Boggs
69.7%
Hopper
69.2%
Charles F. Muntz
66.4%
Sid Phillips
63.6%
Syndrome
63.3%
Charles F. Muntz
63.2%
Hopper
53.6%
Sid Phillips
52.1%
Hopper
51.3%
Charles F. Muntz
50.2%
Sid Phillips
48.2%
Randall Boggs
36.1%

You're not logged in!

Compare scores with friends on all Sporcle quizzes.
OR
Log In

You Might Also Like...

Show Comments

Extras

Top Quizzes Today


Score Distribution

Your Account Isn't Verified!

In order to create a playlist on Sporcle, you need to verify the email address you used during registration. Go to your Sporcle Settings to finish the process.

Report this User

Report this user for behavior that violates our Community Guidelines.

Details: